| 000 | 00518nam a2200181 a 4500 | ||
|---|---|---|---|
| 005 | 20240928063734.0 | ||
| 008 | 010903s1957 ea r 000 0 spa d | ||
| 035 | _aUPN01000110880 | ||
| 049 | _aCG | ||
| 050 | 4 |
_aHF5500 _bB5.4 |
|
| 100 | 1 | _aBlack, James Menzies | |
| 245 | 1 | 0 |
_aHow to grow in management / _cJames Menzies Black. |
| 260 |
_aEnglewood Cliffs, N.J. : _bPrentice-Hall, _c1957. |
||
| 300 | _a246 p. | ||
| 650 | 4 |
_aEmpresas _xAdministración _9229 |
|
| 650 | 7 |
_aToma de decisiones _2 _91881 |
|
| 905 | _aLibro | ||
| 999 |
_c84789 _d84789 |
||